000 04434nam a2200373 a 4500
003 CHAP
005 20250804125727.0
007 ta
008 220117s2022xx mx ado fr 000 0 1n0 spa d
040 _amxchpua
_cCHAP
_erda
041 _aspa
_bspa
_fspa
_hspa
050 0 _aTP370
_b.M46 2022
082 _220
_aC 338.1
_bM46 2022
245 1 0 _aMemoria del evento :
_bRumbo a la actualización del Plan de Estudios de Ingeniería Agroindustrial /
_ccompiladores Abraham Villegas de Gante, Víctor Rivera Salvador y Nancy Toriz Robles
250 _a1a edición
264 _aChapingo, México :
_bUACh. Departamento de Ingeniería Agroindustrial,
_c2022
300 _a146 páginas :
_bilustraciones, gráficas, diagramas, tablas y fotos
336 _2rdacontent
_atexto
_btxt
337 _2rdamedia
_ano mediado
_bn
338 _2rdacarrier
_avolumen
_bnc
504 _aIncluye bibliografías
505 0 _aPrograma de trabajo -- 1. Conferencias magistrales -- 2. Presentación de artículos especializados -- 3. Cierre del evento Epílogo Anexos
520 2 _aAnte la urgente necesidad de revisar y actualizar el Agroindustrial para reemplazar Currículo del Departamento al curriculo vigente del Programa de la formación de los estudiantes desde hace 1999, se consideró de Ingenieria Carrera que ha guiado la pertinente y urgente, realizar un evento colectivo, con intensa participación de los Profesores del DIA, principalmente de los que integran la Comisión Curricular, para retomar el trabajo colegiado que se realiza desde hace más de una década, con un nuevo diseño curricular el cual integra innovaciones y avances en su estructuración (más de un 30%), con respecto al Plan de Estudios actual. De esta manera, durante la semana de actualización del personal académico, previa al in. de un nuevo semestre lectivo, se organizó el evento "RUMBO A LA ACTUALIZACIÓN DEL PLAN DE ESTUDIOS DE LA CARRERA DE INGENIERÍA AGROINDUSTRIAL", en el período del 26 al 20 de julio del 2022. Su contenido comprendió tres partes principales: 1) Una conferencia magistral (videograbada) de un Asesor de la Secretaria de Educación Pública (SEP) (el Dr. Angel Diaz Barriga) quien expuso los retos del magisterio de educación básica frente al Nuevo Currículo de la Escuela Mexicana en 2022. La rica información vertida en esta Conferencia es muy relevante, pues el modelo curricular nacional sin duda influirá, por su concepción y operación, en otros niveles de la educación nacional, como en la educación media y superior (incluidas las Universidades; la de Chapingo, entre ellas). 2) Cinco conferencias magistrales impartidas por expertos externos: una sobre perspectivas curriculares en Educación Superior frente a la formación profesional actual (por la Dra. Gabriela de la Cruz F., de la UNAM): otra sobre los retos de la Educación Superior (de la Dra. Frida Díaz Barriga, de la UNAM) y la tercera, que Compara el enfoque de competencias y objetivos (sostenida por la Mtra. Abigal Valderrama S., de la UPN/BUAP), Las otras dos presentaciones las sustento el Daniel Vega M. (una sobre Evaluación del Currículo de la Carrera de Ingeniería Agroindustrial de la UACh, y la otra sobre el proceso de Acreditación del Din Curriculo). 3) Con base en una serie de articulos especializados en el tema educativo, particularmente sobre el significado de currículo, el enfoque basado en competencias (EBC), el diseño y estructuración curricular, la evaluación de la educación superior en México, y nuevoS enfoques curriculares, se seleccionaron 13 artículos, que fueron expuestos (como una presentación concisa) por 11 profesores del Programa de Ingeniería Agroindustrial.
650 1 3 _aEducación superior
_xPlanes de estudio
_2atg
_935650
_zMéxico
_zChapingo
650 1 3 _aUniversidades agrícolas
_xPlanes de estudio
_zMéxico
_zChapingo
_2atg
_9160796
650 1 3 _aProgramas universitarios
_xIngeniería Agroindustrial
_2atg
_9156468
650 1 3 _aHigher education
_xCurriculum
_2atg
_9157820
_zMexico
_zChapingo
650 1 3 _aAgricultural universities
_xCurriculum
_2atg
_9190817
_zMexico
_zChapingo
650 1 3 _aUniversity programs
_xAgroindustrial engineering
_2atg
_9156469
700 1 _aVillegas de Gante, Abraham Zacarias
_9185141
_ecompilador
700 1 _aRivera Salvador, Víctor
_9152488
_ecompilador
700 1 _aToriz Robles, Nancy
_9113948
_ecompiladora
942 _cLIBRO
_2ddc
999 _c186484
_d186484